Statistics for Most Played Jetpunk Quizzes

Click here to take the quiz!

General Stats

  • This quiz has been taken 18 times
    (6 since last reset)
  • The average score is 3 of 20

Answer Stats

#Times TakenQuizzerQuiz% Correct
19,963,723QuizmasterCountries of the World Quiz
75%
23,930,990QuizmasterUS States Quiz
75%
51,510,979QuizmasterWorld Capitals Quiz
50%
11815,004scambigolCountries by First Two Letters in 90 Seconds
25%
41,544,615QuizmasterEurope Map Quiz
25%
8990,694johnnyaitchFast Typing A to Z
25%
20522,017QuizmasterMiddle East Map Quiz
25%
12796,978johnnyaitch12 Months in 15 Seconds
0%
14766,996QuizmasterAfrica Map Quiz
0%
19530,268scambigolCountries by Borders in 90 Seconds
0%
15738,041QuizmasterCountry Flags Quiz
0%
17602,800QuizmasterEast Asia Map Quiz
0%
61,443,518QuizmasterFast Typing to 100
0%
71,182,787QuizmasterFifty States in One Minute
0%
13771,280QuizmasterNBA Teams Quiz
0%
10841,748QuizmasterNFL Football Teams Quiz
0%
18541,304QuizmasterPeriodic Table of Elements
0%
16697,620QuizmasterRandom Capital to Country
0%
31,930,713QuizmasterUnited States Map Quiz
0%
9951,208QuizmasterUS Presidents Quiz
0%

Score Distribution

Percentile by Number Answered

Percent of People with Each Score

Your Score History

You have not taken this quiz since the last reset